Feljegyzés a székelyföldi autonómia szakértői értekezletéről

Elmentve itt :
Bibliográfiai részletek
Dokumentumtípus: Kézirat
Kulcsszavak:Erdély története - 20. sz., Autonómia
Tárgyszavak:
Online Access:http://misc.bibl.u-szeged.hu/68897
LEADER 00613ntm a2200169 i 4500
001 misc68897
005 20211013124736.0
008 211013suuuu hu o 0|| hun d
040 |a SZTE Miscellanea Repozitórium  |b hun 
041 |a hun 
245 0 0 |a Feljegyzés a székelyföldi autonómia szakértői értekezletéről  |h [elektronikus dokumentum] 
300 |a 7  |c 31 cm 
650 4 |a Bölcsészettudományok 
650 4 |a Történettudomány és régészet 
650 4 |a Történettudomány 
695 |a Erdély története - 20. sz., Autonómia 
856 4 0 |u http://misc.bibl.u-szeged.hu/68897/1/4355_032.pdf  |z Dokumentum-elérés